Loading...
| Fine Arts - Classical Music | 3 | 10.00 | 0% | 300% | 433% |
| Fine Arts - Other | 2 | 15.00 | 3,200% | 200% | 400% |
| Fine Arts - Painting & Sculpture | 2 | 10.00 | 0% | 0% | 850% |
| History - American | 3 | 3.33 | 2,700% | 0% | 0% |
| History - European | 6 | 13.33 | 1,667% | 450% | 283% |
| History - Other | 4 | 10.00 | 3,325% | 0% | 225% |
| History - World | 5 | 10.00 | 5,240% | 180% | 0% |
| Literature - American | 1 | 10.00 | 3,600% | 0% | 0% |
| Literature - British | 3 | 10.00 | 0% | 300% | 567% |
| Literature - European | 1 | 10.00 | 6,400% | 0% | 0% |
| Literature - World | 3 | 6.67 | 1,200% | 267% | 0% |
| Mythology | 5 | 6.00 | 1,620% | 180% | 160% |
| Other | 2 | 15.00 | 4,050% | 450% | 400% |
| Philosophy | 3 | 10.00 | 0% | 0% | 633% |
| Religion | 2 | 10.00 | 0% | 850% | 0% |
| Science - Biology | 4 | 10.00 | 0% | 150% | 675% |
| Science - Chemistry | 5 | 16.00 | 5,800% | 520% | 180% |
| Science - Other | 4 | 10.00 | 0% | 200% | 675% |
| Social Science | 5 | 14.00 | 5,240% | 340% | 180% |